Logo CIB grande

HUELLAS TRASCENDENTES: BIOGRAFIAS Y SEMBLANZAS DE POLITECNICOS NOTABLES (Registro nro. 227987)

Detalles MARC
000 -LEADER
campo de control de longitud fija 00658nam a2200241Ia 4500
005 - FECHA Y HORA DE LA ÚLTIMA TRANSACCIÓN
campo de control 20250425162357.0
008 - DATOS DE LONGITUD FIJA--INFORMACIÓN GENERAL
campo de control de longitud fija 250425s9999 xx 000 0 und d
041 ## - CÓDIGO DE IDIOMA
Código de lengua del texto/banda sonora o título independiente spa
043 ## - CÓDIGO DE ÁREA GEOGRÁFICA
Código de área geográfica ec
082 ## - NÚMERO DE LA CLASIFICACIÓN DECIMAL DEWEY
Número de clasificación 378.155
010 ## - NÚMERO DE CONTROL DE LA BIBLIOTECA DEL CONGRESO
Número de control de LC 67257
100 ## - ENTRADA PRINCIPAL--NOMBRE DE PERSONA
Nombre de persona ESTRADA RUIZ, JENNY
245 #0 - MENCIÓN DEL TÍTULO
Título HUELLAS TRASCENDENTES: BIOGRAFIAS Y SEMBLANZAS DE POLITECNICOS NOTABLES
250 ## - MENCION DE EDICION
Mención de edición 1A ED.
260 ## - PUBLICACIÓN, DISTRIBUCIÓN, ETC.
Lugar de publicación, distribución, etc. Ecuador
Nombre del editor, distribuidor, etc. CDP - ESPOL
Fecha de publicación, distribución, etc. 2008
260 ## - PUBLICACIÓN, DISTRIBUCIÓN, ETC.
Lugar de publicación, distribución, etc. GUAYAQUIL
300 ## - DESCRIPCIÓN FÍSICA
Extensión 223
500 ## - NOTA GENERAL
Nota general COLECCION ESPOL 50 AÑOS 3 VOLUMENESINV. D-71174
-- 0.00 FEB.12.09 PARA ICM.-- MHP.
650 ## - PUNTO DE ACCESO ADICIONAL DE MATERIA--TÉRMINO DE MATERIA
Término de materia o nombre geográfico como elemento de entrada BIOGRAFIAS
650 ## - PUNTO DE ACCESO ADICIONAL DE MATERIA--TÉRMINO DE MATERIA
Término de materia o nombre geográfico como elemento de entrada ESPOL-HISTORIA
710 ## - ENTRADA AGREGADA--NOMBRE DE ENTIDAD CORPORATIVA
Nombre de entidad corporativa o nombre de jurisdicción como elemento de entrada ESPOL
942 ## - ELEMENTOS DE ENTRADA SECUNDARIOS (KOHA)
Tipo de ítem Koha Libros
Existencias
Estatus retirado Estado de pérdida Estado de daño No para préstamo Biblioteca de origen Biblioteca actual Fecha de adquisición Coste, precio normal de compra Etiqueta RFID Total de préstamos Código de barras Visto por última vez Fecha del último préstamo Copia número Tipo de ítem Koha Ubicación en estantería Nota pública
        CENTRO DE INFORMACIÓN BIBLIOTECARIA CENTRO DE INFORMACIÓN BIBLIOTECARIA 10/07/2009 50.00 0000000000000000038472 1 D-39284 15/10/2025 09/09/2025 1 Libros    
        CENTRO DE INFORMACIÓN BIBLIOTECARIA CENTRO DE INFORMACIÓN BIBLIOTECARIA 10/07/2009 50.00     D-39285     2 Libros    
        CENTRO DE INFORMACIÓN BIBLIOTECARIA CENTRO DE INFORMACIÓN BIBLIOTECARIA 24/02/2012 50.00     D-92522     5 Libros    
        ESCUELA DE NEGOCIOS ESCUELA DE NEGOCIOS 05/08/2009 50.00     D-P 10085     6     DONADO

Copyright 2025 ESPOL. Todos los derechos reservados.